000
00248nam a22000977a 4500
999
_c
11639
_d
11639
008
190923b ||||| |||| 00| 0 eng d
020
_a
9788182965041
100
_a
Roy Gautam
_9
7342
245
_a
Perfect Art Education
260
_a
New Delhi
_b
Arya
_c
2019